000 00858cab a22001935a 4500
001 L154882
008 120130e20120127xxk 000 0 eng d
035 _a(Sirsi) u154882
041 0 _aeng
100 1 _aWatson, Stuart
245 0 0 _a2012 property forecast
_bexperts look into their crystal balls to reveal what is in store for the industry this year
260 _c2012
490 0 _aProperty Week
_v78(04) Supplement 27 January 2012, (8)
520 _aProperty predictions for 2012 provided by a panel of experts brought together by Property Week and S J Berwin. Covers investment, the occupier market, bank lending constraints, the political outlook including Europe, Portas review and localism, and the outcome of the London mayoral election.
590 _aKA
651 4 _aUnited Kingdom
_y
690 _aCommercial property
_96227
942 _n0
999 _c83734
_d83734